000 00585cam a2200205 4500
008 090401t1996 xxu||||| |||| 00| 0 eng d
020 _a1900510022
035 _a(Sirsi) u68079
041 _aeng
050 _a694.01
110 _aTimber Research and Development Association
245 _aBritish grown hardwoods - the designers` handbook : a guide to selection and use.
260 _aHigh Wycombe
_bTRADA
_c1996
300 _a32p. : ill. ; 30cm.
350 _a15
650 _aTIMBER
690 _aBUILT ENVIRONMENT-BUILDING MATERIALS
942 _n0
948 _c04/03/1997
999 _c95072
_d95072